New York Immigrants - Statistics

General Stats
  • This quiz has been taken 169 times
  • The average score is 12 of 17
Answer Stats
Population Country % Correct
332,255 China
96%
179,613 Mexico
96%
91,048 India
90%
62,475 Russia
90%
453,176 Dominican Republic
84%
54,214 Pakistan
81%
69,777 Colombia
78%
91,595 Haiti
77%
64,747 South Korea
77%
52,648 Poland
73%
66,339 Ukraine
72%
185,681 Jamaica
70%
65,657 Philippines
67%
83,949 Bangladesh
66%
138,295 Ecuador
47%
89,302 Trinidad and Tobago
39%
140,340 Guyana
34%
No matching quizzes found
Score Distribution
Percent of People with Each Score
Percentile by Number Answered
Your Score History
You have not taken this quiz